Statistics for Top 50 Best Selling Video Game Franchises

Click here to take the quiz!

General Stats

  • This quiz has been taken 3,290 times
    (1,815 since last reset)
  • The average score is 20 of 49

Answer Stats

Copies SoldFranchiseDeveloped/Published by% Correct
826~ MillionMarioNintendo
99%
395~ MillionGrand Theft AutoRockstar
92%
325~ MillionFIFAElectronic Arts
83%
425~ MillionCall of DutyVarious
81%
145~ MIllionSonic the HedgehogSEGA
80%
230~ MillionMinecraftMojang
78%
120~ MillionNBA 2K2K
76%
130~ MillionMadden NFLElectronic Arts
69%
120~ MIllionLegend of ZeldaNintendo
66%
440~ MillionPokemonGameFreak
65%
62~ MillionRed DeadRockstar
58%
200~ MillionAssassins CreedUbisoft
55%
80~ MillionHaloBungie / 343
54%
50~ MillionStreet FighterCapcom
50%
70~ MillionTetrisThe [Answer] Company
49%
170~ MillionFinal FantasySquare Enix
47%
73~ MillionMortal KombatWarner Bros.
45%
58~ MillionThe Elder ScrollsBethesda
44%
57~ MillionBattlefieldElectronic Arts
39%
66~ MillionSuper Smash Bros.Nintendo
39%
65~ MillionDonkey KongNintendo
36%
56~ MillionMetal GearKonami
35%
200~ MillionThe SimsElectronic Arts
35%
52~ MillionGod Of WarSanta Monica
34%
150~ MillionNeed for SpeedElectronic Arts
34%
120~ MillionResident EvilCapcom
33%
54~ MillionTekkenBandai Namco
33%
50~ MillionThe WitcherCD Projekt Red
33%
120~ MillionStar WarsVarious
32%
53~ MillionSpider-ManVarious
31%
50~ MillionCrash BandicootNaughty Dog
28%
200~ MillionLegoVarious
28%
50~ MillionFar CryUbisoft
27%
110~ MillionPro Evolution SoccerKonami
25%
85~ MillionTomb RaiderSquare Enix
25%
80~ MillionTom Clancy'sUbisoft
25%
67~ MillionAnimal CrossingNintendo
24%
80~ MillionGran TurismoSony
24%
50~ MillionDestinyBungie
22%
63~ MillionWWE 2K2K
22%
50~ MillionDiabloBlizzard Entertainment
21%
72~ MillionBorderlandsGearbox
16%
57~ MillionCivilizationMicroprose / 2K
12%
85~ MillionDragon QuestSquare Enix
12%
70~ MillionJust DanceUbisoft
12%
66~ MillionDragon BallBandai Namco
10%
78~ MillionMonster HunterCapcom
10%
75~ MillionWormsTeam17
10%
51~ MillionBejeweledPopCap Games
6%

Score Distribution

Percentile by Number Answered

Percent of People with Each Score

Your Score History

You have not taken this quiz since the last reset